000 00366nam a2200121Ia 4500
005 20251222154346.0
008 251222s9999||||xx |||||||||||||| ||spa||
020 _a84-316-2551-1
082 _a918/B42
100 _a"Benejam,PilarRoig, JuanVergara, José María"
245 0 _aGeografía humana y económica del mundo actual: Intercambio. Segundo curso
942 _cLIB
999 _c34730
_d34730